Boletim Cultural (Registo nº 199009)

Detalhes MARC
000 -Etiqueta do registo
Valores 00897nam 22002533 4500
021 ## - Número do Depósito Legal
Código do país Portugal
Número 3667/83
100 ## - Dados gerais de processamento
Dados gerais 20251113d u||y0pory50 ba
101 ## - Língua de publicação
Língua Português
102 ## - País de publicação
País Portugal
200 ## - Titulo e menção de responsabilidade
Título próprio Boletim Cultural
Primeira menção de responsabilidade Fundação Calouste Gulbenkian. Serviços de Bibliotecas Itinerantes e Fixas
207 ## - Numeração
Indicação de datas e/ou volumes VI série - nº1- Janeiro de 1984 - VI Série -nº 12 Maio de 1989
210 ## - Publicação
Local de publicação Lisboa
Nome do editor Fundação Calouste Gulbenkian
Data de publicação 1984-1989
215 ## - Descrição física 
Paginação / Volumes [863 p.]
Outras indicações físicas il. ; encadernado
Dimensões 25 cm
606 ## - Nome comum usado como assunto
ID Autoridade 1270
Palavra de ordem Biblioteconomia
Subdivisão assunto Bibliotecas
610 ## - Termos não controlados
Palavra de ordem Lisboa -- [Periódicos]
610 ## - Termos não controlados
Palavra de ordem Cultura -- [Periódicos]
675 ## - CDU
Notação 02(05)
Edição PT
Língua por
675 ## - CDU
Notação 8(469)(05)
Edição PT
Língua por
710 ## - Autor principal (colectividade)
ID Autoridade 14914
Nome da entidade Fundação Calouste Gulbenkian. Serviços de Bibliotecas Itinerantes e Fixas
801 ## - Fonte de origem
País PT
Agência BMMN
Regras de catalogação RPC
830 ## - Notas gerais do catalogador
Data de criação 13/11/2025
Data de indexação 13/11/2025
990 ## - Elementos KOHA
Tipo de documento Jornais e Revistas
Exemplares
Aquisição Código de barras Cota Permissão de empréstimo Tipo de documento Nota relativa ao exemplar Empréstimo Forma de aquisição
Biblioteca Municipal de Montemor-o-Novo 27680 02 BOL|DEP   Jornais e Revistas VI série - nº1- Janeiro de 1984 - VI Série -nº 12 Maio de 1989 Biblioteca Municipal de Montemor-o-Novo Oferta

Powered by Koha